CRNtech

Detalles Bibliográficos
Formato: Electrónico Revista
Lenguaje:inglés
Publicado: Manhasset, NY : CMP Technology, c2007-
Materias:
Acceso en línea:Full text available from Research Library: 04/01/2009 to 09/30/2011

MARC

LEADER 00000nas a22000007a 4500
001 ssj0000394604
003 WaSeSS
005 20200512172242.0
006 m d
007 cr n
008 070118c20079999ilumr p s 0 a0eng c
010 |a  2007215868 
022 |l 1935-5211  |y 1935-5211 
035 |a (WaSeSS)ssj0000394604 
037 |b CMP Media, P.O. Box 1082, Skokie IL 60076 
040 |a NSD  |b eng  |c NSD  |d NSD  |d DLC  |d OCLCQ  |d OCLCF  |d OCLCO  |d RDF  |d WaSeSS 
042 |a nsdp  |a pcc 
082 1 0 |a 381  |2 14 
210 0 |a CRNtech 
222 0 |a CRNtech 
245 0 0 |a CRNtech  |h [electronic resource]. 
260 |a Manhasset, NY :  |b CMP Technology,  |c c2007- 
310 |a Monthly 
362 0 |a Issue 001 (Jan. 29, 2007)- 
500 |a Title from cover. 
506 |a License restrictions may limit access. 
650 0 |a Information technology  |x Management  |v Periodicals. 
650 0 |a Computer industry  |v Periodicals. 
650 7 |a Computer industry.  |2 fast  |0 (OCoLC)fst00872154 
650 7 |a Information technology  |x Management.  |2 fast  |0 (OCoLC)fst00973112 
655 0 |a Electronic journals. 
856 4 0 |z Full text available from Research Library: 04/01/2009 to 09/30/2011  |u https://search.proquest.com/publication/54448